000
00290nam a22001217a 4500
082
_a
669 MET'L
100
_a
TAYLOR, LYMAN
_9
79715
245
_a
METALS HANDBOOK VOL-2 HEAT TRAETING CLEANING AND FINISHING
250
_a
8TH
260
_a
USA
_b
ASM
_c
1964
300
_a
XV, 708P
942
_c
BK
999
_c
584717
_d
584717